Detalles de mi vida / (Registro nro. 23886)

Detalles MARC
000 -LEADER
fixed length control field 00549nam a22001817a 4500
003 - CONTROL NUMBER IDENTIFIER
control field DO-CoUTE
005 - DATE AND TIME OF LATEST TRANSACTION
control field 20250923095001.0
008 - FIXED-LENGTH DATA ELEMENTS--GENERAL INFORMATION
fixed length control field 250923b dr ||||| |||| 00| 0 spa d
040 ## - CATALOGING SOURCE
Original cataloging agency DO-CoUTE
Language of cataloging spa
Transcribing agency DO-CoUTE
082 ## - DEWEY DECIMAL CLASSIFICATION NUMBER
Classification number RD904.7
Item number T913D
100 1# - MAIN ENTRY--PERSONAL NAME
Personal name Tueni, Emely
Relator term Autor
245 10 - TITLE STATEMENT
Title Detalles de mi vida /
Statement of responsibility, etc. Emely Tueni
260 ## - PUBLICATION, DISTRIBUTION, ETC.
Place of publication, distribution, etc. Santo Domingo, República Dominicana ;
Name of publisher, distributor, etc. Banco central,
Date of publication, distribution, etc. 2025
300 ## - PHYSICAL DESCRIPTION
Extent 295 paginas :
Other physical details Fotografias ;
Dimensions 22cm,
650 #4 - SUBJECT ADDED ENTRY--TOPICAL TERM
Topical term or geographic name entry element Relatos de la vida
700 1# - ADDED ENTRY--PERSONAL NAME
Personal name Emely Tueni
Relator term Autor
942 ## - ADDED ENTRY ELEMENTS (KOHA)
Source of classification or shelving scheme Dewey Decimal Classification
Koha item type Libros
Existencias
Withdrawn status Lost status Source of classification or shelving scheme Damaged status Not for loan Collection code Home library Current library Shelving location Date acquired Inventory number Total Checkouts Full call number Barcode Date last seen Copy number Price effective from Koha item type
    Dewey Decimal Classification     Colección Dominicana Biblioteca UTECO Biblioteca UTECO En Estantería 09/23/2025 023331   RD904.7 T913D 023331 09/23/2025 Ej.1 09/23/2025 Libros
© 2021 Derechos Reservados UTECO - Teléfono: +1 809-585-2291 - Correo electrónico: biblioteca@uteco.edu.do​  
Código postal 43000 ​​
Dirección: Avenida Universitaria No. 100, 
Cotuí, Provincia Sánchez Ramírez, República Dominicana - RNC: 404-00059-6